| 000 | 00425nam a22001457a 4500 | ||
|---|---|---|---|
| 020 | _a0-7121-0443-7 | ||
| 082 |
_a624.1771 _bCUR _cL-19, P-76 |
||
| 100 |
_aCurrie, Brian _942938 |
||
| 245 |
_aDesign of structural elements level IV _cBrain Currie and Robert A. Sharpe |
||
| 260 |
_aUK _bMacdonald & Evans Ltd _c1984 |
||
| 300 | _a189.p: | ||
| 526 |
_a0 _b0 _c0 _d624_177100000000000_CUR |
||
| 650 |
_aMCE _9379 |
||
| 942 |
_2ddc _cBK |
||
| 999 |
_c546741 _d546741 |
||